Дело: 1) о выдаче жалованья вдове камер-музыканта Штокфиша жалования мужа; 2) о награждении надворного советника Ватаций орденом...

Доступно только в Электронных читальных залах Найти на картеНа карте
RUSMARC
00003963nmc2a22000003x 450
0017faf2923-1176-4eab-a813-acee39d7e080
00520181005161940.0
100##$a20161221l18181818k l0rusy0189 ca
1010#$arus
102##$aRU
2001#$aДело: 1) о выдаче жалованья вдове камер-музыканта Штокфиша жалования мужа; 2) о награждении надворного советника Ватаций орденом и; 3) титулярного советника Плотникова подарком и об отказе коллежскому секретарю Зотову в этом; 4) и 5) о вступлении главного директора в управление Дирекцией; 6) о единовременной выдаче денег вдове надворного советника Шмита; и наконец 7) о награждении орденом Зотова по отношению о том вице-директора в Москву
$j21 января - 3 февраля 1818 г.
251##$cДело
300##$aДело
801#0$aRU
$bРГИА
$c20161221
$gRCR
801#1$aRU
$bГлавНИВЦ
$c20161221
$2rusmarc
801#2$aRU
$bПБ им. Б.Н. Ельцина
$c20181005
$gRCR
$2rusmarc
850##$aРГИА
852##$aРГИА
$eФедеральное казенное учреждение "Российский государственный исторический архив" (РГИА)
$j1718
937##$hРГИА
$d12236793
$aASBIBLIO_SCAN
462#0$1001dd3991dc-24e1-42ec-8838-ca4255420416
$12001
$a1746-1850 гг.
$1251
$cОпись
$1852
$j1
461#0$10019264ebf8-de62-4f1a-9eb4-9f22098dbbd5
$12001
$aДирекция императорских театров МИДв
$1251
$cФонд
$1852
$j497
215##$a31 л.
$d36,5х26 см
371##$aДокумент не является опубликованным и широко распространяемым
105##$ay###
1222#$ad
035##$a7faf2923-1176-4eab-a813-acee39d7e080
856##$uhttp://readingroom.main.prlib.ru/item.aspx?id_node=n118971663&mode=full
Формат отображения